Sports Quiz

Random Sports or World Quiz

F1 World Drivers' Championship Runners-up Quiz Stats

 Plays Quiz not verified by Sporcle

Challenge
Share
Tweet
Embed
Score 0/67 Timer 10:00
0 Plays Today
Season Runner-up % Correct
2016Lewis Hamilton
100%
2013Fernando Alonso
98.3%
2010Fernando Alonso
97.4%
2012Fernando Alonso
97.4%
2015Nico Rosberg
97.2%
2014Nico Rosberg
97.1%
1998Michael Schumacher
97.1%
2006Michael Schumacher
97.1%
1989Ayrton Senna
96.2%
1993Ayrton Senna
96.2%
2007Lewis Hamilton
95.9%
1983Alain Prost
95.6%
1984Alain Prost
95.6%
1988Alain Prost
95.6%
1990Alain Prost
95.6%
2008Felipe Massa
94.4%
1950Juan Manuel Fangio
94.1%
1953Juan Manuel Fangio
94.1%
2009Sebastian Vettel
94.1%
2003Kimi Raikkonen
93%
2005Kimi Raikkonen
93%
2011Jenson Button
93%
2000Mika Hakkinen
92.7%
2001David Coulthard
91.8%
1976Niki Lauda
91.2%
1986Nigel Mansell
90.9%
1987Nigel Mansell
90.9%
1991Nigel Mansell
90.9%
2002Rubens Barrichello
90.9%
2004Rubens Barrichello
90.9%
1999Eddie Irvine
89.4%
1951Alberto Ascari
88.9%
1968Jackie Stewart
88.9%
1972Jackie Stewart
88.9%
Season Runner-up % Correct
1955Stirling Moss
86.8%
1956Stirling Moss
86.8%
1957Stirling Moss
86.8%
1958Stirling Moss
86.8%
1980Nelson Piquet
84.8%
1962Jim Clark
83.6%
1973Emerson Fittipaldi
81.2%
1975Emerson Fittipaldi
81.2%
1992Riccardo Patrese
80.1%
1997Heinz-Harald Frentzen
80.1%
1994Damon Hill
79.5%
1995Damon Hill
79.5%
1967Jack Brabham
77.7%
1952Giuseppe Farina
77.4%
1963Graham Hill
77.4%
1964Graham Hill
77.4%
1965Graham Hill
77.4%
1966John Surtees
73.9%
1969Jacky Ickx
69.8%
1970Jacky Ickx
69.8%
1977Jody Scheckter
68.9%
1996Jacques Villeneuve
68.9%
1981Carlos Reutemann
66.3%
1979Gilles Villeneuve
66%
1971Ronnie Peterson
65.1%
1978Ronnie Peterson
65.1%
1982Didier Pironi
63.9%
1960Bruce McLaren
63.6%
1974Clay Regazzoni
63.6%
1985Michele Alboreto
61%
1961Wolfgang von Trips
56%
1959Tony Brooks
54.5%
1954Jose Froilan Gonzalez
49%

You're not logged in!

Compare scores with friends on all Sporcle quizzes.
Join for Free
OR
Log In

You Might Also Like...

Show Comments

Extras

Top Quizzes Today


Score Distribution

Your Account Isn't Verified!

In order to create a playlist on Sporcle, you need to verify the email address you used during registration. Go to your Sporcle Settings to finish the process.

Report this User

Report this user for behavior that violates our Community Guidelines.

Details: